000 00618nam a2200181Ia 4500
008 090124s9999 xx 000 0 und d
082 _b125842
100 _aकुलकर्णी जी.ए.(गुरुनाथ आबाजी )
245 _a रक्तचंदन
250 _a3
260 _c1992
300 _a163
600 _aकुलकर्णी जी.ए.(गुरुनाथ आबाजी )
630 _a रक्तचंदन
700 _aकुलकर्णी जी.ए.(गुरुनाथ आबाजी )
730 _a रक्तचंदन
942 _cBOOK
999 _c171932
_d171932